| 000 | 00460nam a2200181Ia 4500 | ||
|---|---|---|---|
| 001 | 8487 | ||
| 005 | 20260306160613.0 | ||
| 008 | 260306t2013||||xx |||||||||||||| ||spa|| | ||
| 041 | _aESP | ||
| 082 |
_a371.1 _bM27D |
||
| 100 |
_aCalmels, Daniel _eAUT |
||
| 245 | 0 |
_aJuegos en el papel: _banálisis de la corporeidad en el plano gráfico |
|
| 260 | _c2013 | ||
| 300 |
_a166 páginas : _c22 cm. |
||
| 650 | _aGEN | ||
| 654 | _aCED | ||
| 942 |
_cLIB _dJUS _fJUS _2ddc _n |
||
| 999 |
_c8487 _d8487 |
||